<?xml version="1.0" encoding="UTF-8"?>
<collection xmlns="http://www.loc.gov/MARC21/slim">
 <record>
  <leader>01220nma a2200217   4500</leader>
  <controlfield tag="001">1/33868</controlfield>
  <controlfield tag="008">071111t2007    enk    g   ba       eng  </controlfield>
  <datafield tag="020" ind1=" " ind2=" ">
   <subfield code="a">9781418052355</subfield>
  </datafield>
  <datafield tag="035" ind1=" " ind2=" ">
   <subfield code="l">36300</subfield>
  </datafield>
  <datafield tag="040" ind1=" " ind2=" ">
   <subfield code="a">DLC</subfield>
   <subfield code="b">GR-PeUP</subfield>
  </datafield>
  <datafield tag="082" ind1="0" ind2="0">
   <subfield code="a">DVD-ROM 651.504 SCH</subfield>
  </datafield>
  <datafield tag="100" ind1="1" ind2=" ">
   <subfield code="a">Schnering, Patricia.</subfield>
  </datafield>
  <datafield tag="245" ind1="1" ind2="0">
   <subfield code="a">Case studies for health information management :</subfield>
   <subfield code="h">[computer file] /</subfield>
   <subfield code="c">Schnering Patricia.</subfield>
  </datafield>
  <datafield tag="260" ind1="0" ind2=" ">
   <subfield code="a">Clifton Park :</subfield>
   <subfield code="b">Thomson Delmar Learning,</subfield>
   <subfield code="c">2007.</subfield>
  </datafield>
  <datafield tag="300" ind1=" " ind2=" ">
   <subfield code="a">2 DVD-ROM :</subfield>
   <subfield code="b">sd., col. ;</subfield>
   <subfield code="c">4 3/4 in.</subfield>
  </datafield>
  <datafield tag="520" ind1="0" ind2=" ">
   <subfield code="a">This five-program series focuses on applying critical thinking skills to real events and situations that occur in the workplace. Each case study dramatizes a real situation, provides a discussion checkpoint, and follows with an outcome that reflects how the scenario would be resolved in the real world. The programs align to the five health information management curriculum domains and include 20 case studies for review and discussion.</subfield>
  </datafield>
  <datafield tag="650" ind1=" " ind2="4">
   <subfield code="a">DVD-ROMs.</subfield>
  </datafield>
  <datafield tag="650" ind1=" " ind2="4">
   <subfield code="a">Medical records</subfield>
   <subfield code="x">Management</subfield>
   <subfield code="x">DVD-ROMs.</subfield>
  </datafield>
  <datafield tag="650" ind1=" " ind2="4">
   <subfield code="a">Medical informatics</subfield>
   <subfield code="x">DVD-ROMs.</subfield>
  </datafield>
  <datafield tag="852" ind1=" " ind2=" ">
   <subfield code="a">INST</subfield>
   <subfield code="b">UNIPILB</subfield>
   <subfield code="c">MMEDIA</subfield>
   <subfield code="e">20071114</subfield>
   <subfield code="h">DVD-ROM 651.504 SCH</subfield>
   <subfield code="p">00154293</subfield>
   <subfield code="q">00154293</subfield>
   <subfield code="t">NOLOAN</subfield>
   <subfield code="y">23</subfield>
   <subfield code="4">1</subfield>
  </datafield>
  <datafield tag="856" ind1="4" ind2=" ">
   <subfield code="d">/webopac/covers/02/36300_9781418052355.jpg</subfield>
  </datafield>
 </record>
</collection>
